| 000 | 00790nam a2200253 i 4500 | ||
|---|---|---|---|
| 001 | bg | ||
| 100 | 1 | _aBLAJER, Renata | |
| 245 | 1 | 0 |
_aGwarancje bankowe i ubezpieczeniowe w obrocie międzynarodowym / _cRenata Blajer. |
| 260 |
_aWarszawa : _bFundacja Rozwoju Rachunkowości w Polsce, _c1999. |
||
| 300 |
_a245 s. : _bwykr. ; _c23 cm. |
||
| 500 | _aTekst częśc. ang. | ||
| 504 | _aBibliogr. s. 163-166. | ||
| 650 | 9 |
_aHandel międzynarodowy _xfinanse _xzagadnienia |
|
| 650 | 9 |
_aRyzyko _xfinanse |
|
| 650 | 9 |
_aUbezpieczenia gospodarcze _xzagadnienia |
|
| 650 | 9 |
_aGwarancje bankowe _xzagadnienia |
|
| 020 | _a8386543833 | ||
| 040 | _cBPK | ||
| 041 | 0 |
_apl _ben |
|
| 080 | _a339.7:336.7:368 | ||
| 920 | _a83-86543-83-3 | ||
| 942 | _cKS | ||
| 008 | s pl f |000 0 pol | ||
| 999 |
_c36173 _d36173 |
||
| 856 |
_uhttp://koha.tu.koszalin.pl/cgi-bin/koha/opac-detail.pl?biblionumber=36173 _yKatalog online BPK |
||